Central Library OPAC University of Rajshahi

The World population crisis : (Record no. 32858)

MARC details
000 -LEADER
fixed length control field 01130nam a2200253 a 4500
001 - CONTROL NUMBER
control field 32858
003 - CONTROL NUMBER IDENTIFIER
rucl marc code BD-RjUL
005 - DATE AND TIME OF LATEST TRANSACTION
control field 20211209051915.0
008 - FIXED-LENGTH DATA ELEMENTS--GENERAL INFORMATION
fixed length control field 190105s1971 us b 100 0 eng
035 ## - SYSTEM CONTROL NUMBER
System control number (BD-RjUL)32948
040 ## - CATALOGING SOURCE
Original cataloging agency DLC
Transcribing agency DLC
Modifying agency DLC
-- BD-RjUL
Language of cataloging eng
041 ## - LANGUAGE CODE
Language code of text/sound track or separate title eng
082 00 - DEWEY DECIMAL CLASSIFICATION NUMBER
Classification number 344.048
Edition number 23
Author mark and year WOR 1971
245 04 - TITLE STATEMENT
Title The World population crisis :
Remainder of title policy implications and the role of law : proceedings of the American Society of International Law regional meeting and the John Bassett Moore Society of International Law symposium.
260 ## - PUBLICATION, DISTRIBUTION, ETC. (IMPRINT)
Place of publication, distribution, etc. Charlottesville :
Name of publisher, distributor, etc. University of Virginia School of Law,
Date of publication, distribution, etc. 1971.
300 ## - PHYSICAL DESCRIPTION
Pagination vi, 179 p. :
Size 24 cm.
500 ## - GENERAL NOTE
General note Reprint of the ed. published by John Bassett Moore Society of International Law, Charlottesville, Va.
504 ## - BIBLIOGRAPHY, ETC. NOTE
Bibliography, etc Includes bibliographical references.
650 #0 - SUBJECT ADDED ENTRY--TOPICAL TERM
Topical term or geographic name as entry element Population
General subdivision Law and legislation
-- Congresses.
9 (RLIN) 226554
Topical term or geographic name as entry element Birth control
General subdivision Law and legislation
-- Congresses.
9 (RLIN) 226555
710 2# - ADDED ENTRY--CORPORATE NAME
Corporate name or jurisdiction name as entry element American Society of International Law.
9 (RLIN) 226556
Corporate name or jurisdiction name as entry element John Bassett Moore Society of International Law.
9 (RLIN) 226557
942 ## - ADDED ENTRY ELEMENTS (KOHA)
Source of classification or shelving scheme Dewey Decimal Classification
Koha item type Rare Books
Holdings
Lost status Source of classification or shelving scheme Damaged status Not for loan Collection code Permanent Location Current Location Shelving location Date acquired Source of acquisition Total Checkouts Full call number Date last seen Copy number Koha item type
  Dewey Decimal Classification   Not For Loan Rare Books Central Library, University of Rajshahi Central Library, University of Rajshahi Rare Book Section 22/07/2005 American center   RA 344.048 WOR 1971 05/01/2019 C-1 Rare Books